000 00980cam a2200265 a 4500
001 000005268
005 20200929151627.0
008 000731s2000 sp b 001 1 spa
020 _a8437618347
040 _aDO-SdBNP
_cDLC
082 _a863.3
_bT693c
100 1 _aTorres Villarroel, Diego de,
_d1693?-1770.
_915022
245 1 0 _aCorreo del otro mundo :
_bsacudimiento de mentecatos /
_cDiego de Torres Villarroel ; edición, Manuel María Pérez López.
260 _aMadrid :
_bCátedra,
_c2000.
300 _a224 p. ;
_c18 cm.
490 1 _aLetras hispánicas
_vno. 471
504 _aIncluye referencias bibliográficas (p. 85-95).
650 4 _aCuentos españoles
_93194
650 4 _aLiteratura española
_9632
600 1 0 _aTORRES VILLARROEL, DIEGO DE,
_d1693?-1770
_xCRÍTICA E INTERPRETACIÓN
_915023
700 1 _aPérez López, Manuel María,
_eed.
_915024
830 0 _aLetras hispánicas ;
_vno. 471
_94208
910 _aCatalogación por copia / LC
910 _aWM
999 _c5069
_d5069